Imiona znanych Polek i Polaków #4 - Statystyki

Ogólne statystyki
  • Ten quiz został rozwiązany 237 razy
  • Średni wynik to 9 z 15
Statystyki odpowiedzi
Imię Nazwisko % Poprawnych
Jan III Sobieski
93%
Robert Makłowicz
93%
Bolesław (Aleksander) Prus (Głowacki)
89%
Wojciech Szczęsny
89%
Władysław Reymont (Rejment)
85%
Marcin Gortat
81%
Piotr Fronczewski
81%
Izabela Trojanowska
78%
Piotr Kraśko
76%
Pola (Apolonia) Negri (Chalupec)
64%
Romuald Traugutt
62%
Henryk Wieniawski
22%
Zbigniew Brzeziński
18%
Konstanty Rokossowski
14%
Zygmunt Wróblewski
3%
Nie znaleziono quizów pasujących do podanych kryteriów
Rozkład punktacji
Procent ludzi z każdym wynikiem
Percentyl według liczby udzielonych odpowiedzi
Twoja historia wyników
Nie rozwiązałeś tego quizu